| 000 | 00675nam a2200217 a 4500 | ||
|---|---|---|---|
| 999 |
_c3906 _d3906 |
||
| 001 | 3906 | ||
| 003 | BD-JhCC | ||
| 005 | 20171119185524.0 | ||
| 008 | 171119s1996 bg a|||| ||a| 000 0 ben d | ||
| 035 | _a(BD-JhCC)3906 | ||
| 040 |
_aBD-JhCC _dBD-JhCC |
||
| 041 | _aben | ||
| 082 |
_a920 _bNUR 1996 |
||
| 100 | _aনুরদ্দীন, ড. আবু সাঈদ | ||
| 245 |
_aমহাকবি ইকবাল / _cড. আবু সাঈদ নুরদ্দীন |
||
| 260 |
_aঢাকা : _bআল্লামা ইকবাল সংসদ, _c১৯৬৬. |
||
| 300 |
_a416 p. : _bill. ; _c21 cm. |
||
| 650 | _aBiography | ||
| 942 |
_2ddc _cBK |
||